| 000 | 00978caa a22002537a 4500 | ||
|---|---|---|---|
| 999 |
_c410783 _d410783 |
||
| 001 | 123631 | ||
| 003 | UA-OsUOA | ||
| 005 | 20200112120415.0 | ||
| 007 | ta | ||
| 008 | 20170627b un ||||| |||| 00| 0 ukr d | ||
| 040 |
_aUA-OsUOA _bukr _cUA-OsUOA _dUA-OsUOA |
||
| 041 | _aukr | ||
| 080 | _a908 | ||
| 090 |
_a908 _bН71 |
||
| 100 | _aНічик В. | ||
| 245 |
_aРозвиток реформаційних і гуманістичних ідей в Острозькому культурно-освітньому осередку та братських школах _cВ. Нічик, Я. Стратій |
||
| 300 | _aС. 109–137 | ||
| 650 | 7 |
_a908 Краєзнавство _2UDC |
|
| 700 | _aСтратій Я. | ||
| 773 | 0 |
_0286288 _9295067 _dК. Либідь 1994 _o87814 _tІсторія філософії України _w(UA-OsUOA) 35807 _z5-325-00253-8 |
|
| 942 |
_cBKA _2udc |
||
| 955 | _a1 | ||